| 000 | 01200cam a2200385 a 4500 | ||
|---|---|---|---|
| 001 | 4320 | ||
| 003 | FISKH | ||
| 005 | 20240718085559.0 | ||
| 008 | 891019s1990 nyua j 000 1 eng | ||
| 010 | _a 89029408 | ||
| 020 | _a0060223995 : | ||
| 020 | _a9780064441520 | ||
| 020 | _a0060223987 (lib. bdg.) : | ||
| 040 |
_aDLC _cDLC _dDLC _beng |
||
| 042 | _alcac | ||
| 050 | _aPZ7.H63487 | ||
| 082 | _a548 | ||
| 100 | 1 | _aHoban, Julia. | |
| 245 | 1 | 0 |
_aBuzby / _cby Julia Hoban ; pictures by John Himmelman. |
| 250 | _aFirst Harper Trophy edition, 1992 | ||
| 260 |
_aNew York ; _bHarper Trophy, _c1990. |
||
| 300 |
_a64 pages : _bcolor illustrations ; _c22 cm |
||
| 440 | 3 | _aAn I can read book | |
| 505 | _aI | ||
| 520 | _aBuzby the cat takes a job at a hotel as a busboy and creates all kinds of havoc before he ends up in a special job created just for him. | ||
| 521 | 8 |
_a460
_bLexile |
|
| 521 | 8 |
_aI
_bRaz-Plus |
|
| 650 | 1 |
_aCats _xFiction. |
|
| 650 | 1 |
_aWork _xFiction. |
|
| 650 | 1 |
_aHotels, motels, etc. _xFiction. |
|
| 700 | 1 |
_aHimmelman, John, _eillustrator |
|
| 906 |
_a7 _bcbc _corignew _d1 _eocip _f19 _gy-gencatlg |
||
| 942 |
_2ddc _cBK _n0 |
||
| 999 |
_c4320 _d4320 |
||